[Event "ITA-ch U20"]
[Site "Tarvisio"]
[Date "2023.07.06"]
[Round "6"]
[White "Greco, Edoardo"]
[Black "Ghiardo, Giacomo"]
[Result "1/2-1/2"]
[WhiteElo "1967"]
[BlackElo "1549"]
[PlyCount "74"]
[EventDate "2023.07.02"]
[EventType "swiss"]
[EventRounds "9"]
[EventCountry "ITA"]
[SourceTitle "EXT 2024"]
[Source "ChessBase"]
[SourceDate "2023.10.10"]
[SourceVersion "1"]
[SourceVersionDate "2023.10.10"]
[SourceQuality "1"]

1. d4 Nf6 2. Nf3 c5 3. d5 e6 4. c4 exd5 5. cxd5 d6 6. Nc3 g6 7. g3 Bg7 8. Bg2 0-0 9. 0-0 Re8 10. Nd2 a6 11. a4 Nbd7 12. h3 Qc7 13. Nc4 Nb6 14. Qd3 Nxc4 15. Qxc4 Rb8 16. Bf4 Nd7 17. Rfe1 Ne5 18. Bxe5 Bxe5 19. Ra2 b6 20. e4 Qb7 21. Bf1 Bd7 22. Qxa6 Qxa6 23. Bxa6 Bxc3 24. bxc3 Ra8 25. Bd3 Rxa4 26. Rxa4 Bxa4 27. c4 Bd7 28. Kg2 f5 29. f3 Kg7 30. Ra1 Kf6 31. Kf2 fxe4 32. fxe4 h5 33. h4 Rf8 34. Ke3 Ke5 35. Ra7 Bg4 36. Re7+ Kf6 37. Ra7 Ke5 1/2-1/2

[Event "ITA-ch U20"]
[Site "Tarvisio"]
[Date "2023.07.03"]
[Round "2"]
[White "Giordani, Luca"]
[Black "Ghiardo, Giacomo"]
[Result "1-0"]
[WhiteElo "1948"]
[BlackElo "1549"]
[PlyCount "57"]
[EventDate "2023.07.02"]
[EventType "swiss"]
[EventRounds "9"]
[EventCountry "ITA"]
[SourceTitle "EXT 2024"]
[Source "ChessBase"]
[SourceDate "2023.10.10"]
[SourceVersion "1"]
[SourceVersionDate "2023.10.10"]
[SourceQuality "1"]

1. e4 c5 2. Nf3 Nc6 3. d4 cxd4 4. Nxd4 g6 5. c4 Bg7 6. Be3 Nf6 7. Nc3 Ng4 8. Qxg4 Nxd4 9. Qd1 Ne6 10. Rc1 Qa5 11. a3 b6 12. Be2 Bb7 13. f3 d6 14. Qd2 g5 15. 0-0 Be5 16. g3 Rg8 17. Rf2 f6 18. c5 Bxc3 19. Rxc3 Ba6 20. Qd5 Kf7 21. b4 Qa4 22. Bd1 Qb5 23. Bb3 Qd7 24. c6 Qc8 25. b5 Bb7 26. Qxe6+ Qxe6 27. Bxe6+ Kxe6 28. cxb7 Rab8 29. Rc7 1-0